Регионална библиотека "Любен Каравелов" - Русе

Отново амазонки (Запис номер 80335)

MARC детайли
000 -Лидер
Контролно поле с фиксирана дължина 01886nam a2200373 c 4500
003 - Код на организацията, давaща контролен номер
Контролно поле BLK
005 - Дата и час на последна редакция
Контролно поле 20210827103311.0
008 - Елементи от данни с фиксирана дължина
fixed length control field 180408b bul|||||r ||||||| ||bul||
010 ## - Наследен системен номер
LC control number KNG00084820000
020 ## - Международен стандартен номер на книга ISBN
Международен стандартен номер на книга ISBN 978-954-8139-50-2
040 ## - Източник на каталожния запис
Идентификатор на билиотеката - собственик на записа BLK
041 ## - Код за език
Код за езика на текст/звукозапис или на отделно заглавие Български
Код за езика КДБФ Български
072 #7 - Код за тематичната категория
Код организация bullib
Код за тематична категория Т0309
Текст Етнология. Нрави и обичаи. Фолклористика
080 ## - УДК
Текстов определител УДК Социални изследвания на жени. Жените и обществото
УДК код - определител по УДК 305-055.2
УДК определител (091)
УДК - код + определител 305-055.2(091)
080 ## - УДК
Текстов определител УДК История на цивилизацията. История на културата
УДК код - определител по УДК 930.85
УДК - код + определител 930.85
080 ## - УДК
Текстов определител УДК Разпространяване на научните знания - популяризиране на науката, занимателна наука, учение за явленията научно необяснени, заблуждения и фалшификации, илюзии и др. п., секретност на научните знания
УДК код - определител по УДК 001.9
УДК - код + определител 001.9
100 1# - Редна дума - Автор
Автор Маджарова, Галя Колева
Авторска отговорност първи автор
R(LIN) 299612
139 ## - Редно поле
Редна дума Маджарова, Галя Колева
Авторски знак Мад - М 14
245 10 - Сведения за заглавието
Заглавие Отново амазонки
Подзаглавни данни Есета
Редно поле (дума) Галя Колева Маджарова.
257 ## - Страна на издаване
Страна на създаване/издаване България
260 ## - Област на издателските данни
Име на издателя, разпространителя и проч. Алфиола
Година на издаване 2008
Печатница Варна : Колор-Принт
300 ## - Физическа характеристика
Страници 312 с.
Размери/Мащаб 24 см
380 ## - Жанр
Жанр Обществени науки
650 #4 - Допълнително описание по предмет – тема
Основно описание – тема или топоним Жени
9 (RLIN) 268354
650 #4 - Допълнително описание по предмет – тема
Основно описание – тема или топоним Цивилизация - история
9 (RLIN) 250724
653 ## - Ключова дума – ненормативна
Ключова дума жени
653 ## - Ключова дума – ненормативна
Ключова дума цивилизация
653 ## - Ключова дума – ненормативна
Ключова дума история
852 ## - Местоположение
Форматна сигнатура Цб 240723
856 4# - Електронен адрес и достъп
Електронен формат pdf - файл
856 4# - Електронен адрес и достъп
Електронен формат pdf - файл
999 ## - СИСТЕМНИ КОНТРОЛНИ НОМЕРА
Koha biblionumber 80335
Koha biblioitemnumber 80335
942 ## - АРТИКУЛИ
Вид на библиотечния материал Книги
Скрит в OPAC Не
Koha issues (borrowed), all copies 2
Периодичен библиозапис Да
944 ## - СЪЗДАВАНЕ И РЕДАКЦИЯ на ЗАПИСА
Създаване/Редакция Създаване
Дата на регистрацията/редакция 14.08.2008
Служител, извършил регистрацията/редакцията Цветанка_Енчева
944 ## - СЪЗДАВАНЕ И РЕДАКЦИЯ на ЗАПИСА
Създаване/Редакция Редакция
Дата на регистрацията/редакция 17.04.2015
Служител, извършил регистрацията/редакцията Пенка_Димитрова
999 ## - СИСТЕМНИ КОНТРОЛНИ НОМЕРА
Koha biblioitemnumber 80335
Наличности
Код за отписване Код за изгубен артикул Източник на класификационната схема Код за повреда Коз за рестрикции Код за отдаване Артикулен № Име на библиотеката - собственик Име на библиотеката, в която се намира в момента Статус (Текущо местоположение) Дата на вписване в системата Местоположение - отдел Цена в лева Инвентарен номер Систематично азбучна сигнатура Баркод Номер на екземпляра Цена в евро Служебна бележка Служебен тип на артикула
  Не е изгубен Universal Decimal Classification Не е повреден без рестрикции заемане за дома 130182 Регионална библиотека "Любен Каравелов" Русе Регионална библиотека "Любен Каравелов" Русе Заемна - подръчен фонд 2008-08-14 Заемна - подръчен фонд 14.00 120000727928 305/М 14 120000727928 1 7.16 Дост: Pk Вид: Ф N: 6871 Дата: 01.08.2008 Дата инв: 08.02.2018 Бележки инв: П2018 Книги
  Не е изгубен   Не е повреден без рестрикции ползва се в читалня 130183 Регионална библиотека "Любен Каравелов" Русе Регионална библиотека "Любен Каравелов" Русе Хранилище 2015-04-17 Хранилище 14.00 120000787209 Цб 240723 120000787209 2 7.16 Дост: Dp Вид: Д N: 40 Дата: 11.09.2014 Книги
Vip Innovations Ltd, Rousse, Bulgaria 2025